Canciones de Black Sabbath - ¡Muerte súbita! - Estadísticas

Estadísticas generales
  • Esta prueba ha sido intentada 22 veces
  • La puntuación promedio es 10 de 20
Answers on the Grid
Answers color-coded by a green-red scale on the quiz's grid according to % correct below.
A National Acrobat
After Forever
Black Sabbath
Changes
Children Of The Grave
Comfortably Numb
Die Young
Dreams
Electric Funeral
Embryo
End Of The Beginning
Gimme The Prize
Heaven And Hell
In The End
In The Lap Of The Gods
Iron Man
Lady Stardust
Misfire
N.I.B
Neon Knights
Paranoid
Planet Caravan
Rat Salad
Run To The Hills
Sabbath Bloody Sabbath
Stay Away
Sweet Leaf
The Chain
The Show Must Go On
The Wizard
Tie Your Mother Down
Time
War Pigs
 
Estadísticas de respuestas
Respuesta % Correcto
Black Sabbath
83%
Paranoid
83%
Iron Man
75%
Heaven And Hell
67%
War Pigs
67%
Children Of The Grave
58%
Sabbath Bloody Sabbath
58%
After Forever
50%
End Of The Beginning
50%
N.I.B
50%
A National Acrobat
42%
Die Young
42%
Electric Funeral
42%
Sweet Leaf
42%
The Wizard
42%
Changes
33%
Embryo
33%
Planet Caravan
33%
Rat Salad
33%
Neon Knights
17%
No se encontraron pruebas coincidentes
Distribución de puntuación
Porcentaje de gente con cada puntuación
Porcentaje por número respondido
Historial de tus puntuaciones
No has intentado esta prueba.